[Event "Österreichische Meisterschafte"]
[Site "Imst"]
[Date "2008.03.21"]
[Round "7.2"]
[White "Wilfling, Sandra"]
[Black "Anker, Christin"]
[Result "0-1"]
[WhiteElo "1580"]
[BlackElo "1821"]
[PlyCount "68"]
[EventDate "2008.03.17"]

1. d4 d5 2. Nf3 Nf6 3. c4 e6 4. Nc3 Nbd7 5. Bg5 Bb4 6. e3 c5 7. Be2 Qa5 8. Qb3
Ne4 9. Rc1 dxc4 10. Qxc4 cxd4 11. Qxd4 Bxc3+ 12. bxc3 Nxg5 13. Qxg7 Nxf3+ 14.
Bxf3 Qe5 15. Qg4 Nf6 16. Qb4 Rb8 17. Qa4+ Bd7 18. Qxa7 Bc6 19. Bxc6+ bxc6 20.
Qa4 O-O 21. Qc2 Kh8 22. h3 Rg8 23. g4 Rbd8 24. Ke2 Nd5 25. c4 Nb4 26. Qb3 Rb8
27. Rb1 Rgd8 28. a3 Nd5 29. Qc2 Nc3+ 30. Kf3 Nxb1 31. Rxb1 Rxb1 32. Qxb1 Rd2
33. Qb4 Qf6+ 34. Kg2 Qxf2+ 0-1

[Event "Österreichische Meisterschafte"]
[Site "Imst"]
[Date "2008.03.21"]
[Round "7.3"]
[White "Steininger, Sandra"]
[Black "De, Leon Angelica"]
[Result "1/2-1/2"]
[WhiteElo "1590"]
[BlackElo "1349"]
[PlyCount "46"]
[EventDate "2008.03.17"]

1. d4 d5 2. c4 e6 3. Nc3 Nf6 4. cxd5 exd5 5. Bg5 Be7 6. e3 O-O 7. Bd3 h6 8. Bh4
Be6 9. Qc2 Nbd7 10. Nf3 c6 11. O-O Qc7 12. Bg3 Bd6 13. Ne2 Bg4 14. Bxd6 Qxd6
15. Nd2 Rfe8 16. h3 Bxe2 17. Bxe2 Rac8 18. Nb3 b6 19. Rfc1 Ne4 20. Nd2 Ndf6 21.
Qd1 c5 22. Nb3 c4 23. Nd2 b5 1/2-1/2

[Event "Österreichische Meisterschafte"]
[Site "Imst"]
[Date "2008.03.21"]
[Round "7.4"]
[White "Gavric, Dragana"]
[Black "Fröwis, Annika"]
[Result "0-1"]
[WhiteElo "1414"]
[BlackElo "1906"]
[PlyCount "96"]
[EventDate "2008.03.17"]

1. e4 e5 2. Nf3 Nc6 3. c3 Nf6 4. d4 Nxe4 5. d5 Nb8 6. Qe2 Nf6 7. Qxe5+ Be7 8.
Bd3 O-O 9. O-O d6 10. Qd4 c6 11. dxc6 bxc6 12. Qa4 c5 13. c4 Bb7 14. Nbd2 d5
15. Qc2 Nc6 16. cxd5 Nb4 17. Qb3 Bxd5 18. Bc4 Rb8 19. Re1 Bd6 20. Qd1 Bf4 21.
Bxd5 Qxd5 22. Nb3 Qxd1 23. Rxd1 Bxc1 24. Rdxc1 Nd3 25. Rc2 Ne4 26. Rd1 c4 27.
Rxc4 Nxb2 28. Rxe4 Nxd1 29. Rc4 Rfc8 30. Rd4 Nc3 31. Rd2 Nxa2 32. Rxa2 Rxb3 33.
h3 Rb1+ 34. Kh2 Ra8 35. Nd4 a5 36. Nc2 a4 37. Na3 Rb3 38. Nc4 a3 39. h4 Kf8 40.
g3 Ke7 41. Re2+ Kd8 42. Rd2+ Kc7 43. Rc2 Kd7 44. Rd2+ Kc6 45. Rc2 Kd5 46. Ne3+
Rxe3 47. fxe3 a2 48. Rd2+ Ke4 0-1

[Event "Österreichische Meisterschafte"]
[Site "Imst"]
[Date "2008.03.21"]
[Round "7.5"]
[White "Vergeiner, Sandra"]
[Black "Wunderl, Eva"]
[Result "0-1"]
[WhiteElo "1258"]
[BlackElo "1613"]
[PlyCount "64"]
[EventDate "2008.03.17"]

1. e4 e5 2. Nf3 Nc6 3. Bb5 a6 4. Ba4 d6 5. O-O Bd7 6. d4 b5 7. Bb3 Nxd4 8. Nxd4
exd4 9. Qxd4 c5 10. Qd5 c4 11. Bxc4 bxc4 12. Re1 Rc8 13. e5 Be6 14. Qd4 dxe5
15. Qxe5 Qd6 16. Bf4 Qxe5 17. Bxe5 Ne7 18. Nc3 Ng6 19. Bd4 Rc6 20. Rad1 f6 21.
Re4 Kf7 22. Be3 Bc5 23. Bxc5 Rxc5 24. Red4 Rhc8 25. Rd6 R5c6 26. Ne4 Ke7 27.
Rxc6 Rxc6 28. Re1 Kf7 29. Rd1 Ne5 30. b3 cxb3 31. cxb3 Rc2 32. Rd6 Rc1+ 0-1